In lotta per la salute

Saved in:
Bibliografiske detaljer
Hovedforfatter: Musella, Mario
Format: Bog
Sprog:engelsk
Udgivet: Napoli
Tags: Tilføj Tag
Ingen Tags, Vær først til at tagge denne postø!

MARC

LEADER 00000nam a2200000 4500
001 CDOM0000003740
003 mi
005 20250924113444.0
008 250924b |||||||| |||| 00| 0 eng d
040 |c mi 
100 |a Musella, Mario 
245 1 |a In lotta per la salute  
260 |a Napoli 
942 |2 ddc  |c BK 
952 |0 0  |1 0  |2 ddc  |4 0  |7 0  |9 6956  |a MI  |b MI  |d 2009-08-24  |i 5451  |l 0  |p CDOM5451  |r 2025-07-13 16:28:00  |w 2025-07-13  |x ACQUISTO  |y BK 
999 |c 5678  |d 5678